<?xml version="1.0" encoding="UTF-8"?>
<record
    xmlns:xsi="http://www.w3.org/2001/XMLSchema-instance"
    xsi:schemaLocation="http://www.loc.gov/MARC21/slim http://www.loc.gov/standards/marcxml/schema/MARC21slim.xsd"
    xmlns="http://www.loc.gov/MARC21/slim">

  <leader>02422nam a22003017a 4500</leader>
  <controlfield tag="003">NALT</controlfield>
  <controlfield tag="005">20250131101556.0</controlfield>
  <controlfield tag="008">241219b        th ||||| |||| 00| 0 tha d</controlfield>
  <datafield tag="020" ind1=" " ind2=" ">
    <subfield code="a">9789743007040</subfield>
  </datafield>
  <datafield tag="040" ind1=" " ind2=" ">
    <subfield code="a">NALT</subfield>
  </datafield>
  <datafield tag="041" ind1=" " ind2=" ">
    <subfield code="a">tha</subfield>
  </datafield>
  <datafield tag="050" ind1=" " ind2=" ">
    <subfield code="a">RC 270.8</subfield>
    <subfield code="b">&#xE01;534 2552</subfield>
  </datafield>
  <datafield tag="245" ind1="1" ind2="0">
    <subfield code="a">&#xE01;&#xE32;&#xE25;&#xE04;&#xE23;&#xE31;&#xE49;&#xE07;&#xE2B;&#xE19;&#xE36;&#xE48;&#xE07;&#xE40;&#xE21;&#xE37;&#xE48;&#xE2D;&#xE09;&#xE31;&#xE19;&#xE2B;&#xE31;&#xE14;&#xE40;&#xE14;&#xE34;&#xE19; /</subfield>
    <subfield code="c">&#xE27;&#xE32;&#xE2A;&#xE34;&#xE19;&#xE35; &#xE15;&#xE31;&#xE49;&#xE07;&#xE1B;&#xE23;&#xE30;&#xE01;&#xE2D;&#xE1A;, &#xE1A;&#xE23;&#xE23;&#xE13;&#xE32;&#xE18;&#xE34;&#xE01;&#xE32;&#xE23;.</subfield>
  </datafield>
  <datafield tag="246" ind1="3" ind2="1">
    <subfield code="a">Once upon a time, when I learn to walk.</subfield>
  </datafield>
  <datafield tag="250" ind1=" " ind2=" ">
    <subfield code="a">&#xE1E;&#xE34;&#xE21;&#xE1E;&#xE4C;&#xE04;&#xE23;&#xE31;&#xE49;&#xE07;&#xE41;&#xE23;&#xE01;.</subfield>
  </datafield>
  <datafield tag="260" ind1=" " ind2=" ">
    <subfield code="a">&#xE01;&#xE23;&#xE38;&#xE07;&#xE40;&#xE17;&#xE1E;&#xE2F; :</subfield>
    <subfield code="b">&#xE1E;&#xE25;&#xE31;&#xE2A;&#xE40;&#xE1E;&#xE23;&#xE2A; &#xE08;&#xE33;&#xE01;&#xE31;&#xE14; ;</subfield>
    <subfield code="c">2552.</subfield>
  </datafield>
  <datafield tag="300" ind1=" " ind2=" ">
    <subfield code="a">307 &#xE2B;&#xE19;&#xE49;&#xE32; :</subfield>
    <subfield code="b">&#xE15;&#xE32;&#xE23;&#xE32;&#xE07;, &#xE20;&#xE32;&#xE1E;&#xE1B;&#xE23;&#xE30;&#xE01;&#xE2D;&#xE1A; ;</subfield>
    <subfield code="c">23 &#xE0B;&#xE21;.</subfield>
  </datafield>
  <datafield tag="505" ind1="0" ind2=" ">
    <subfield code="a">&#xE04;&#xE27;&#xE32;&#xE21;&#xE43;&#xE19;&#xE43;&#xE08;&#xE43;&#xE19;&#xE42;&#xE04;&#xE23;&#xE07;&#xE01;&#xE32;&#xE23; -- &#xE44;&#xE2D;&#xE2D;&#xE38;&#xE48;&#xE19;&#xE08;&#xE32;&#xE01;&#xE42;&#xE23;&#xE07;&#xE04;&#xE23;&#xE31;&#xE27; -- &#xE21;&#xE30;&#xE40;&#xE23;&#xE47;&#xE07; -- &#xE20;&#xE39;&#xE21;&#xE34;&#xE04;&#xE38;&#xE49;&#xE21;&#xE01;&#xE31;&#xE19; -- &#xE04;&#xE27;&#xE32;&#xE21;&#xE40;&#xE04;&#xE23;&#xE35;&#xE22;&#xE14; -- &#xE41;&#xE1E;&#xE17;&#xE22;&#xE4C;&#xE17;&#xE32;&#xE07;&#xE40;&#xE25;&#xE37;&#xE2D;&#xE01; -- &#xE04;&#xE27;&#xE32;&#xE21;&#xE40;&#xE1B;&#xE47;&#xE19;&#xE40;&#xE2B;&#xE15;&#xE38;&#xE40;&#xE1B;&#xE47;&#xE19;&#xE1C;&#xE25;&#xE02;&#xE2D;&#xE07;&#xE18;&#xE23;&#xE23;&#xE21;&#xE1B;&#xE0F;&#xE34;&#xE1A;&#xE31;&#xE15;&#xE34;&#xE17;&#xE35;&#xE48;&#xE21;&#xE35;&#xE15;&#xE48;&#xE2D;&#xE2A;&#xE38;&#xE02;&#xE20;&#xE32;&#xE1E;&#xE23;&#xE48;&#xE32;&#xE07;&#xE01;&#xE32;&#xE22;&#xE41;&#xE25;&#xE30;&#xE08;&#xE34;&#xE15;&#xE43;&#xE08; -- &#xE01;&#xE23;&#xE23;&#xE21;&#xE10;&#xE32;&#xE19; -- &#xE2A;&#xE21;&#xE32;&#xE18;&#xE34; -- &#xE2A;&#xE31;&#xE21;&#xE1B;&#xE0A;&#xE31;&#xE0D;&#xE0D;&#xE30; -- &#xE2A;&#xE15;&#xE34; -- &#xE40;&#xE23;&#xE35;&#xE22;&#xE19;&#xE23;&#xE39;&#xE49;&#xE14;&#xE39;&#xE01;&#xE32;&#xE22;&#xE43;&#xE08;&#xE14;&#xE49;&#xE27;&#xE22;&#xE18;&#xE23;&#xE23;&#xE21;&#xE30;&#xE18;&#xE23;&#xE23;&#xE21;&#xE0A;&#xE32;&#xE15;&#xE34; -- &#xE40;&#xE2D;&#xE19;&#xE44;&#xE0B;&#xE21;&#xE4C; -- &#xE2D;&#xE32;&#xE2B;&#xE32;&#xE23;&#xE40;&#xE1E;&#xE37;&#xE48;&#xE2D;&#xE2A;&#xE38;&#xE02;&#xE20;&#xE32;&#xE1E; -- &#xE40;&#xE21;&#xE19;&#xE39;&#xE2A;&#xE38;&#xE02;&#xE20;&#xE32;&#xE1E;&#xE01;&#xE31;&#xE1A;&#xE27;&#xE34;&#xE18;&#xE35;&#xE01;&#xE32;&#xE23;&#xE1B;&#xE23;&#xE38;&#xE07;&#xE2D;&#xE32;&#xE2B;&#xE32;&#xE23;&#xE43;&#xE2B;&#xE49;&#xE44;&#xE14;&#xE49;&#xE23;&#xE2A;&#xE0A;&#xE32;&#xE15;&#xE34; -- &#xE1A;&#xE17;&#xE2A;&#xE23;&#xE38;&#xE1B;&#xE02;&#xE2D;&#xE07;&#xE04;&#xE13;&#xE30;&#xE41;&#xE1E;&#xE17;&#xE22;&#xE4C;&#xE17;&#xE35;&#xE48;&#xE21;&#xE35;&#xE15;&#xE48;&#xE2D;&#xE04;&#xE27;&#xE32;&#xE21;&#xE40;&#xE2B;&#xE47;&#xE19;&#xE15;&#xE48;&#xE2D;&#xE1C;&#xE39;&#xE49;&#xE40;&#xE02;&#xE49;&#xE32;&#xE23;&#xE48;&#xE27;&#xE21;&#xE42;&#xE04;&#xE23;&#xE07;&#xE01;&#xE32;&#xE23; -- &#xE23;&#xE39;&#xE49;&#xE2A;&#xE36;&#xE01;&#xE44;&#xE14;&#xE49;&#xE14;&#xE49;&#xE27;&#xE22;&#xE43;&#xE08; &#xE08;&#xE36;&#xE07; &#xE25;&#xE34;&#xE02;&#xE34;&#xE15;&#xE44;&#xE27;&#xE49;&#xE40;&#xE1B;&#xE47;&#xE19;&#xE2D;&#xE31;&#xE01;&#xE29;&#xE23;.</subfield>
  </datafield>
  <datafield tag="650" ind1=" " ind2="4">
    <subfield code="9">16023</subfield>
    <subfield code="a">&#xE01;&#xE32;&#xE23;&#xE41;&#xE1E;&#xE17;&#xE22;&#xE4C;</subfield>
    <subfield code="x">&#xE41;&#xE07;&#xE48;&#xE28;&#xE32;&#xE2A;&#xE19;&#xE32;</subfield>
    <subfield code="x">&#xE1E;&#xE38;&#xE17;&#xE18;&#xE28;&#xE32;&#xE2A;&#xE19;&#xE32;</subfield>
  </datafield>
  <datafield tag="650" ind1=" " ind2="4">
    <subfield code="9">22316</subfield>
    <subfield code="a">&#xE21;&#xE30;&#xE40;&#xE23;&#xE47;&#xE07;</subfield>
    <subfield code="x">&#xE42;&#xE20;&#xE0A;&#xE19;&#xE1A;&#xE33;&#xE1A;&#xE31;&#xE14;</subfield>
  </datafield>
  <datafield tag="650" ind1=" " ind2="4">
    <subfield code="a">&#xE21;&#xE30;&#xE40;&#xE23;&#xE47;&#xE07; </subfield>
    <subfield code="x">&#xE01;&#xE32;&#xE23;&#xE23;&#xE31;&#xE01;&#xE29;&#xE32;</subfield>
    <subfield code="9">19132</subfield>
  </datafield>
  <datafield tag="650" ind1=" " ind2="4">
    <subfield code="9">21232</subfield>
    <subfield code="a">&#xE01;&#xE32;&#xE23;&#xE41;&#xE1E;&#xE17;&#xE22;&#xE4C;&#xE17;&#xE32;&#xE07;&#xE40;&#xE25;&#xE37;&#xE2D;&#xE01; </subfield>
  </datafield>
  <datafield tag="650" ind1=" " ind2="4">
    <subfield code="a">&#xE2D;&#xE32;&#xE2B;&#xE32;&#xE23;&#xE40;&#xE1E;&#xE37;&#xE48;&#xE2D;&#xE2A;&#xE38;&#xE02;&#xE20;&#xE32;&#xE1E;</subfield>
    <subfield code="9">12351</subfield>
  </datafield>
  <datafield tag="700" ind1="0" ind2=" ">
    <subfield code="a">&#xE27;&#xE32;&#xE2A;&#xE34;&#xE19;&#xE35; &#xE15;&#xE31;&#xE49;&#xE07;&#xE1B;&#xE23;&#xE30;&#xE01;&#xE2D;&#xE1A;</subfield>
    <subfield code="9">65302</subfield>
  </datafield>
  <datafield tag="850" ind1=" " ind2=" ">
    <subfield code="a">NALT</subfield>
  </datafield>
  <datafield tag="942" ind1=" " ind2=" ">
    <subfield code="2">lcc</subfield>
    <subfield code="c">GB</subfield>
  </datafield>
  <datafield tag="996" ind1=" " ind2=" ">
    <subfield code="a">kornsiririn.r</subfield>
    <subfield code="b">CATSTF	</subfield>
    <subfield code="c">2024-12-19</subfield>
  </datafield>
  <datafield tag="999" ind1=" " ind2=" ">
    <subfield code="c">98934</subfield>
    <subfield code="d">98934</subfield>
  </datafield>
  <datafield tag="998" ind1=" " ind2=" ">
    <subfield code="j">3099</subfield>
    <subfield code="k"> &#xE1E;&#xE23;&#xE27;&#xE34;&#xE17;&#xE39;  &#xE42;&#xE04;&#xE49;&#xE27;&#xE04;&#xE0A;&#xE32;&#xE20;&#xE23;&#xE13;&#xE4C;</subfield>
  </datafield>
  <datafield tag="952" ind1=" " ind2=" ">
    <subfield code="0">0</subfield>
    <subfield code="1">0</subfield>
    <subfield code="2">lcc</subfield>
    <subfield code="4">0</subfield>
    <subfield code="7">0</subfield>
    <subfield code="8">CSEN</subfield>
    <subfield code="a">NALT</subfield>
    <subfield code="b">NALT</subfield>
    <subfield code="c">GEN</subfield>
    <subfield code="d">2022-01-20</subfield>
    <subfield code="o">RC 270.8 &#xE01;534 2552</subfield>
    <subfield code="p">0100006426001</subfield>
    <subfield code="r">2022-01-20 00:00:00</subfield>
    <subfield code="w">2022-01-20</subfield>
    <subfield code="y">GB</subfield>
  </datafield>
</record>
